000 00404nam a2200109Ia 4500
008 160909s9999 xx 000 0 und d
100 _aLim, Hedy
245 _aDiscovering expert instructional designers' heuristics for creating scenario-based workplace instruction
260 _bCapella University.
_c2016
650 _aMULTIMEDIA ARTS
856 _uhttp://pqdtopen.proquest.com/doc/1787172798.html?FMT=ABS
999 _c304293
_d304293